000 02210cam a2200205 i 4500
020 _a9781583674475 (paperback)
020 _a1583674470 (paperback)
020 _a9781583674482 (cloth)
020 _a1583674489 (cloth)
040 _cDLC
041 1 _hita
082 0 0 _a337 USA 1988 C161 Or.
100 1 _aScrepanti, Ernesto,
245 1 0 _aGlobal imperialism and the great crisis :
_bthe uncertain future of capitalism /
300 _a256 pages ;
_c21 cm
520 _a"In this provocative study, economist Ernesto Screpanti argues that imperialism--far from disappearing or mutating into a benign "globalization"--has in fact entered a new phase, which he terms "global imperialism." This is a phase defined by multinational firms cut loose from the nation-state framework and free to chase profits over the entire surface of the globe. No longer dependent on nation-states for building a political consensus that accommodates capital accumulation, these firms seek to bend governments to their will and destroy barriers to the free movement of capital. And while military force continues to play an important role in imperial strategy, it is the discipline of the global market that keeps workers in check by pitting them against each other no matter what their national origin. This is a world in which the so-called "labor aristocracies" of the rich nations are demolished, the power of states to enforce checks on capital is sapped, and global firms are free to pursue their monomaniacal quest for profits unfettered by national allegiance. Screpanti delves into the inner workings of global imperialism, explaining how it is different from past forms of imperialism, how the global distribution of wages is changing, and why multinational firms have strained to break free of national markets. He sees global imperialism as a developing process, one with no certain outcome. But one thing is clear: when economic crises become opportunities to discipline workers, and when economic policies are imposed through increasingly authoritarian measures, the vision of a democratic and humane world is what is ultimately at stake"--
650 0 _aCapitalism
650 0 _aImperialism
942 _cAEDBB
999 _c19120
_d19120